Adult education and the african state in the post cold war era (Record no. 61988)
[ view plain ]
| 000 -CABECERA | |
|---|---|
| campo de control de longitud fija | 00510nam a2200193 a 4500 |
| 005 - FECHA Y HORA DE LA ÚLTIMA TRANSACCIÓN | |
| campo de control | 20210219152842.0 |
| 008 - ELEMENTOS DE LONGITUD FIJA--INFORMACIÓN GENERAL | |
| campo de control de longitud fija | 991125n 000 0 eng u |
| 035 ## - NÚMERO DE CONTROL DEL SISTEMA | |
| Número de control de sistema | UPN01000063100 |
| 100 ## - ASIENTO PRINCIPAL--NOMBRE PERSONAL | |
| Nombre de persona | Minnis, J. R. |
| 222 ## - TÍTULO CLAVE | |
| Título clave | CONVERGENCE |
| 245 ## - MENCIÓN DE TÍTULO | |
| Título | Adult education and the african state in the post cold war era |
| 300 ## - DESCRIPCIÓN FÍSICA | |
| Extensión | 11-19 |
| 362 ## - FECHAS DE PUBLICACIÓN Y/O DESIGNACIÓN SECUENCIAL | |
| Fecha de publicación y/o designación secuencial | 1993 26, no. 2 |
| 653 0# - TERMINO DE INDIZACION - NO CONTROLADO | |
| Término no controlado | DEMOCRACIA |
| 653 0# - TERMINO DE INDIZACION - NO CONTROLADO | |
| Término no controlado | EDUCACION DE ADULTOS |
| 653 0# - TERMINO DE INDIZACION - NO CONTROLADO | |
| Término no controlado | ROL DE LA EDUCACION |
| 904 ## - ELEMENTOS DE DATOS D LOCAL, LDD (RLIN) | |
| a | AC |
| b | 000911 |
| 905 ## - TIPO DE MATERIAL | |
| Tipo de material | Articulo |
No items available.
